000 00265nam a2200097Ia 4500
001 1251159
005 20251031150910.0
008 251031s9999 xx 000 0 und d
245 0 _cMELTEM YAMAN ONMUŞ
_aI-5 ÇOCUĞUMUN BESLENME REHBERİ
260 _bDESTEK YAYINLARI
999 _c1251159
_d1251159